Sách bỏ túi về quyền con người = Pocket book of human rights

Guardat en:
Dades bibliogràfiques
Autor principal: Vũ Ngọc Bình
Format: Llibre
Idioma:Undetermined
Publicat: H. CTQG 2002
Matèries:
Etiquetes: Afegir etiqueta
Sense etiquetes, Sigues el primer a etiquetar aquest registre!
Thư viện lưu trữ: Trung tâm Học liệu Trường Đại học Cần Thơ
LEADER 00511nam a2200181Ia 4500
001 CTU_53605
008 210402s9999 xx 000 0 und d
020 |b 10000 
082 |a 342.597085 
082 |b B312 
100 |a Vũ Ngọc Bình 
245 0 |a Sách bỏ túi về quyền con người = Pocket book of human rights 
245 0 |c Vũ Ngọc Bình 
260 |a H. 
260 |b CTQG 
260 |c 2002 
650 |a civil rights 
980 |a Trung tâm Học liệu Trường Đại học Cần Thơ